| 000 | 00879nam a2200229 i 4500 | ||
|---|---|---|---|
| 001 | 170966 | ||
| 003 | ES-MaACL | ||
| 005 | 20230906214516.0 | ||
| 008 | 090420s1986 be |||| | fre d | ||
| 080 | _a7.033:069(493.4) | ||
| 245 | 0 | 0 |
_aMusées royaux des Beaux-Arts de Belgique _b: Musée d'art ancien. |
| 246 | 1 | 1 |
_aKoninklijke Musea voor schone kunsten van België _b: Museum voor oude kunst |
| 250 | _a10th ed. | ||
| 260 |
_a[Bruxelles] : _bRoyal Museums of Fine Arts, _c1986. |
||
| 300 |
_a[218] p. : _bil. col. y n. ; _c19 cm. |
||
| 500 | _aÍndice. | ||
| 500 | _aEn lomo: I. | ||
| 594 | _aTít. del lomo: Musea van Belgie : Brussel = Musées de Belgique : Bruxelles. | ||
| 610 | 2 | 4 |
_aMusée d'art ancien (Bélgica) _9139852 |
| 710 | 0 |
_aMusées royaux des beaux-arts de Belgique. _95819 |
|
| 852 | 4 |
_aES-MaACL _jE-12584 _z. - Biblioteca Jacinto Martínez Lacalle |
|
| 999 |
_c170966 _d170966 |
||